000 00554cam a2200205 4500
001 J10408
008 000000n1999 000 0 eng u
035 _a(Sirsi) u104018
050 _a333.0023
110 _aRoyal Institution of Chartered Surveyors
_94900
245 _aStudent guide to job seeking.
260 _aLondon
_bRICS
_c1999
300 _a31p. ; 30cm.
650 _aINTERVIEWS
650 _aJOB HUNTING
650 _aJOB SEEKING
650 _aSTUDENTS
690 _aMANAGEMENT-BUSINESS MANAGEMENT-PROFESSIONAL PRACTICE
942 _n0
999 _c100196
_d100196